John Stuart Mill y la democracia del siglo XXI

Detalles Bibliográficos
Otros Autores: Clřo, Jean Pierre, Ruiz Resa, Josefa Dolores (Conductor)
Formato: Desconocido
Lenguaje:español
Publicado: Madrid : Dykinson, D. L. 2008.
Materias:
Acceso en línea:Acceso restringido

MARC

LEADER 00000ny a22000003n 4500
005 2011061403493.0
008 080925s2008 sp 000 0 spa c
017 |a M-38614-2008 
020 |a 9788498492897 
035 |a 2742 
040 |a BUS  |d vLex 
080 |a 321.7 
080 |a 321.7Mill, John Stuart 
090 |c 672  |d 672 
245 0 0 |a John Stuart Mill y la democracia del siglo XXI  |h [Recurso electrn̤ico]  |c J. D. Ruiz Resa (ed.) ; J. P. Clřo ... [et al.] 
256 |a Servicio en ln̕ea 
260 |a Madrid :  |b Dykinson,  |c D. L. 2008. 
300 |a 298 p. ;  |c 21 cm. 
506 1 |a Contenido solo disponible en los productos indicados  |d vLex Global  |d vLex Global (Academic Edition, excluding Law Schools)  |d vLex Global (U.S. Academic Edition, Law Schools)  |d vLex Global (U.S. Academic Edition, excluding Law Schools)  |d vLex Global (Academic Edition, Law Schools) 
600 1 4 |a Mill, John Stuart,  |d 1806-1873  |x Crt̕ica e interpretacin̤. 
600 1 4 |a Mill, John Stuart,  |d 1806-1873  |x Pensamiento polt̕ico y social 
650 0 4 |a Democracia 
700 1 |a Clřo, Jean Pierre 
700 1 |a Ruiz Resa, Josefa Dolores,  |e dir. 
740 0 |a vLex Libros (Servicios en ln̕ea) 
856 4 0 |u http://vlex.com/source/2742  |z Acceso restringido 
942 |c BOOK 
999 0 |a Democracy  |b Madrid